Estabilidad transitoria de los generadores síncronos en los sistemas eléctricos de potencia
Presenta un estudio de estabilidad transitoria el cual contempla los modelos de los elementos que forman parte del sistema eléctrico de potencia, métodos numéricos entre otros aspectos teóricos para el análisis de estabilidad.
| Main Author: | |
|---|---|
| Other Authors: | |
| Format: | Tesis Section = Libro |
| Language: | Undetermined Spanish |
| Published: |
Managua
UNI
2020
|
| Subjects: |
| LEADER | 01026nam a2200253Ia 4500 | ||
|---|---|---|---|
| 008 | 240830s9999 xx 000 0 und d | ||
| 040 | |a BIBLIOTECA-RUSB/ Mon 621.3191 G934 | ||
| 041 | |a spa | ||
| 082 | |a Mon 621.3191 G934 | ||
| 100 | 1 | |a Guerrero Rivera, Benjamín Nataniel | |
| 245 | 1 | 0 | |a Estabilidad transitoria de los generadores síncronos en los sistemas eléctricos de potencia |
| 260 | |a Managua |b UNI |c 2020 | ||
| 300 | |a 147 p. :il. | ||
| 500 | |a Incluye anexos y CD. | ||
| 502 | |a Tesis (Ingeniero Eléctrico) - UNI, 2020. | ||
| 520 | 3 | |a Presenta un estudio de estabilidad transitoria el cual contempla los modelos de los elementos que forman parte del sistema eléctrico de potencia, métodos numéricos entre otros aspectos teóricos para el análisis de estabilidad. | |
| 650 | 7 | |a SISTEMAS ELECTRICOS | |
| 650 | 7 | |b ENERGIA ELECTRICA | |
| 650 | 7 | |c SISTEMA DE POTENCIA | |
| 650 | 7 | |d GENERADORES | |
| 700 | 1 | |a Tutor: |b Chavarría Condega, Sandro Yohasner | |
| 942 | |c BK |2 ddc | ||
| 991 | |a TESIS | ||
| 999 | |c 22156 | ||